Science metrics and informetrics approaches to organizational and management science

Elmentve itt :
Bibliográfiai részletek
Szerző: Sipos Magdolna Anna
Dokumentumtípus: Cikk
Megjelent: 2012
Sorozat:A Virtuális Intézet Közép-Európa Kutatására közleményei 4 No. 4
Kulcsszavak:Társadalomtudomány
Online Access:http://acta.bibl.u-szeged.hu/30215
LEADER 00692nab a2200181 i 4500
001 acta30215
005 20210422083809.0
008 161017s2012 hu o 0|| eng d
022 |a 2062-1396 
040 |a SZTE Egyetemi Kiadványok Repozitórium  |b hun 
041 |a eng 
100 1 |a Sipos Magdolna Anna 
245 1 0 |a Science metrics and informetrics approaches to organizational and management science  |h [elektronikus dokumentum] /  |c  Sipos Magdolna Anna 
260 |c 2012 
300 |a 25-35 
490 0 |a A Virtuális Intézet Közép-Európa Kutatására közleményei  |v 4 No. 4 
695 |a Társadalomtudomány 
856 4 0 |u http://acta.bibl.u-szeged.hu/30215/1/vikek_010_025-035.pdf  |z Dokumentum-elérés